000 00968cam a22003497a 4500
005 20220817043810.0
008 010928d2000 it rn 00110 eng d
010 _a84749
011 _a85721
020 _a9251045305
035 _a96257
082 0 4 _a639.2
_bF3
110 2 _aFAO
245 1 0 _aUse
_c/ed. by
260 _aRoe :
_bFO,
_c2000.
300 _ap. :
410 _aFAO
490 0 _aDocumento técnico de pesca
_v;
590 _aBATCH-UPD
_b10
_c20130110
_lUCH01
_h1712
590 _aBATCH-UPD
_b10
_c20130410
_lUCH01
_h1058
590 _aBATCH-UPD
_b10
_c20130914
_lUCH01
_h1214
590 _aCONVERSION
_b10
_c20130109
_lUCH01
_h1347
650 1 4 _aPesca
_xAdministración.
_987353
650 1 4 _aPesca
_xAspectos económicos.
_987361
650 1 4 _aPiscicultura.
_988531
700 0 0 _aShotton, Ross
_eed.
_9105747
810 0 _aFAO
830 0 0 _aDocumento técnico de pesca
_v;
_933242
901 _aBK
905 _aMayto Villalobos S.
911 _amvs
999 _c84749
_d84749